Apex Legends - Statystyki

Ogólne statystyki
  • Ten quiz został rozwiązany 383 razy
  • Średni wynik to 22 z 35
Statystyki odpowiedzi
Kategoria Nazwa % Poprawnych
Postać Lifeline
87%
Postać Octane
86%
Postać Wraith
85%
Karabin Szturmowy R-301
83%
Pistolet Maszynowy R-99
80%
Postać Mirage
78%
Postać Bangalore
76%
Postać Caustic
75%
Postać Wattson
75%
Posać Bloodhound
74%
Postać Crypto
74%
Postać Gibraltar
74%
Postać Pathfinder
72%
Pistolet P2020
70%
Postać Revenant
70%
Pistolet Wingman
68%
Strzelba Eva-8
66%
Pistolet Re-45
66%
Karabin Snajperski Sentinel
65%
Karabin Snajperski Longbow
64%
Karabin Szturmowy Flatline
63%
Strzelba Mastiff
63%
Karabin Snajperski Kraber
61%
Lekki Karabin Maszynowy Spitfire
58%
Strzelba Mozambique
55%
Karabin Szturmowy Hemlock
53%
Strzelba Peacekeeper
52%
Karabin Szturmowy Havoc
50%
Karabin Snajperski Tripletake
49%
Pistolet Maszynowy Alternator
48%
Lekki Karabin Maszynowy Devotion
46%
Pistolet Maszynowy Prowler
41%
Lekki Karabin Maszynowy L-Star
36%
Karabin Szturmowy G7Scout
31%
Karabin Snajperski Karabin Ładunkowy
26%
Nie znaleziono quizów pasujących do podanych kryteriów
Rozkład punktacji
Procent ludzi z każdym wynikiem
Percentyl według liczby udzielonych odpowiedzi
Twoja historia wyników
Nie rozwiązałeś tego quizu